000 00478nam a22001697a 4500
005 20230207024555.0
008 230207b |||||||| |||| 00| 0 eng d
020 _a978-93-5115-062-6
082 _a621.9 T531 2014
110 _a3G Elearning
_eauthor
245 _aMachine shop operations /
_c3G Elearning
260 _aUAE:
_b3G Elearning,
_cc2014
300 _avi, 262p.:
_bill.; with CD
504 _aIncludes bibliographies
541 _e5799
650 _aMachine shop practice
999 _c918
_d918